000
00287nam a2200109Ia 4500
008
200302s9999 xx 000 0 und d
100
_a
Fred Hall and Roger Greeno
245
_a
Building Services Handbook 8th ed.,
260
_b
Routledge publishing Co.
260
_c
2013
300
_a
756 P.,
999
_c
3872
_d
3872